000 00831nam a2200229Ia 4500
001 15773
003 GE_BSU
008 181216s||||||||xx |||||||||||||| ||und||
040 _cGE_BSU
080 _a821.353.1-31
100 _aციციშვილი, გიორგი
245 _aსძლიე სიხარბესა შენსა!...
245 _bრომანი
245 _cბოლოსიტყვ. ავტ. გ. მერკვილაძე. რედ.კილაძე. მხ. დ. დუნდუა
260 _aთბილისი
260 _bსაბჭოთა საქართველო
260 _c1984
300 _a494გვ. ; 21სმ
653 _aრომანი
653 _aსძლიე სიხარბესა შენსა!...
942 _cBK
999 _c48871
_d48871